000 01185cam a22003014a 4500
999 _c7478
_d7478
003 OSt
005 20200310084042.0
008 071022s2008 sz a b 000 0 ger
020 _a9783764386894 (alk. paper)
040 _aDLC
_cDLC
_dDLC
041 1 _aeng
_hger
043 _ae-sz---
082 0 0 _a694
_222
100 1 _aKolb, Josef
_c(Engineer)
240 1 0 _aHolzbau mit System.
_lEnglish
245 1 0 _aSystems in timber engineering :
_bloadbearing structures and component layers /
_cJosef Kolb ; edited by Lignum, Holzwirtschaft Schweiz [and] DGfH, German Society of Wood Research ; [translation into English, Gerd H. Söffker and Philip Thrift].
260 _aBasel ;
_aBoston :
_bBirkhäuser,
_cc2008.
300 _a319 p. :
_bill. (some col.) ;
_c30 cm.
504 _aIncludes bibliographical references (p. 310-314).
650 0 _aBuilding, Wooden.
650 0 _aBuilding, Wooden
_zSwitzerland.
650 0 _aStructural design.
710 2 _aLIGNUM (Association : Switzerland)
710 2 _aDeutsche Gesellschaft für Holzforschung.
906 _a7
_bcbc
_corignew
_d2
_eepcn
_f20
_gy-gencatlg
942 _2ddc